Ankara Women Painters Association : (Record no. 190692)

MARC details
000 -LEADER
campo de control de longitud fija 00832nam a2200217 i 4500
001 - NÚMERO DE CONTROL
campo de control 190692
003 - IDENTIFICADOR DE NÚMERO DE CONTROL
campo de control ES-MaACL
005 - FECHA Y HORA DE LA ÚLTIMA TRANSACCIÓN
campo de control 20230906223820.0
008 - DATOS DE LONGITUD FIJA--INFORMACIÓN GENERAL
campo de control de longitud fija 220510s2019 sp a 000 0deng d
245 00 - MENCIÓN DEL TÍTULO
Título Ankara Women Painters Association :
Resto del título the colorful marks of women : april 20-april 27, 2019, exhibition in Ateneo de Madrid, Sala Prado 19.
260 ## - PUBLICACIÓN, DISTRIBUCIÓN, ETC.
Lugar de publicación, distribución, etc. [Madrid :
Nombre del editor, distribuidor, etc. Ateneo de Madrid,
Fecha de publicación, distribución, etc. 2019]
300 ## - DESCRIPCIÓN FÍSICA
Extensión 18 p. :
Otras características físicas il. col. ;
Dimensiones 14 x 24 cm.
610 24 - PUNTO DE ACCESO ADICIONAL DE MATERIA--NOMBRE DE ENTIDAD CORPORATIVA
Nombre de entidad corporativa o nombre de jurisdicción como elemento de entrada Ateneo de Madrid-
Subdivisión de forma Exposiciones-
Subdivisión cronológica 2010-2019.
9 (RLIN) 144911
650 #4 - PUNTO DE ACCESO ADICIONAL DE MATERIA--TÉRMINO DE MATERIA
Término de materia o nombre geográfico como elemento de entrada Pintura turca-
Subdivisión de forma Exposiciones.
9 (RLIN) 174444
650 #4 - PUNTO DE ACCESO ADICIONAL DE MATERIA--TÉRMINO DE MATERIA
Término de materia o nombre geográfico como elemento de entrada Pintoras.
9 (RLIN) 173753
655 #7 - TERMINO DE INDIZACIÓN--GENERO/FORMA
Fuente del término tgfbne
9 (RLIN) 193628
Datos o término principal de género/forma Catálogos de exposiciones
710 2# - ENTRADA AGREGADA--NOMBRE DE ENTIDAD CORPORATIVA
Nombre de entidad corporativa o nombre de jurisdicción como elemento de entrada Ateneo de Madrid.
Unidad subordinada Sala de Exposiciones de Prado 19.
9 (RLIN) 148678
852 4# - LOCALIZACIÓN
Ubicación ES-MaACL
Número de control de estantería 2343-F-11
942 ## - ELEMENTOS DE ENTRADA SECUNDARIOS (KOHA)
Fuente del sistema de clasificación o colocación Clasificación decimal universal
Holdings
Estatus retirado Estado de pérdida Estado de daño No para préstamo Colección Biblioteca de origen Biblioteca actual Ubicación en estantería Fecha de adquisición Fuente de adquisición Total de préstamos Signatura topográfica completa Código de barras Visto por última vez Precio de reemplazo Tipo de ítem Koha
        Colección de folletos Biblioteca del Ateneo de Madrid Biblioteca del Ateneo de Madrid Depósito folletos 10/05/2022     2343-F-11 1202925 23/02/2023 23/02/2023 Folleto